|
|
|
|
| LEADER |
00000nab a2200000uu 4500 |
| 001 |
vtls011137990 |
| 003 |
SK-MaSNL |
| 005 |
20260303131547.0 |
| 008 |
230218|2004 xo |||||||||||||||||eng| |
| 015 |
|
|
|a SNBRB
|
| 035 |
|
|
|a (urnnbn)urn:nbn:sk:snk:ar-007uec
|
| 035 |
|
|
|a (uuid)3ff3bf86-33a6-45e3-a1fe-d81ee35cea10
|
| 035 |
|
|
|a urn:nbn:sk:snk-abaqhj
|
| 040 |
|
|
|a SNKBUCL
|b slo
|c SNKBUCL
|e AACR2
|
| 041 |
0 |
|
|a eng
|
| 044 |
|
|
|a xo
|c SK
|
| 100 |
1 |
|
|a Kaplanová, J.
|4 aut
|9 1148321
|
| 245 |
1 |
0 |
|a Myocardial Performance Index in Children with Ventricular Septal Defect
|c J. Kaplanová, O. Onuzo, U. Pratap, Z. Slavík, Franklin R. C. G., Ofoe V. V., Radley-Smith R.
|
| 700 |
1 |
|
|a Onuzo, O.
|4 aut
|9 1147049
|
| 700 |
1 |
|
|a Pratap, U.
|4 aut
|9 1147050
|
| 700 |
1 |
|
|a Slavík, Z.
|4 aut
|9 1147051
|
| 700 |
1 |
|
|a Franklin R. C. G.
|4 aut
|9 1148423
|
| 700 |
1 |
|
|a Ofoe V. V.
|4 aut
|9 1148424
|
| 700 |
1 |
|
|a Radley-Smith R.
|4 aut
|9 1148425
|
| 773 |
0 |
|
|t Československá pediatrie : časopis Pediatrické společnosti časopis Československé pediatrické společnosti, sekce Československé lékařské společnosti J.E. Purkyně ; časopis České a Slovenské pediatrické společnosti
|g Roč. 59, č. 6 (2004), s. 271-273
|
| 958 |
|
|
|a OND
|
| 958 |
|
|
|a EUIPO
|
| 958 |
|
|
|a article14
|
| 999 |
|
|
|c 1945839
|d 1947769
|